Circo, maroma y brinco.

Salvato in:
Dettagli Bibliografici
Autore principale: Jacob, Esther (autor)
Ente Autore: Consejo Nacional de Fomento Educativo (México)
Altri autori: Ramírez Granados, Antonio (autor) (autor)
Natura: Libro
Lingua:spagnolo
Edizione:4a edición
Serie:(Guías de orientación y trabajo ;
Soggetti:
Tags: Aggiungi Tag
Nessun Tag, puoi essere il primo ad aggiungerne!!

MARC

LEADER 00000nam^a2200000^u^4500
001 000501064
005 20250521000000.0
008 071123s1000^^^^^^^^^^^^r^^^^^000^0^spa^d
009 20260526151049.91
022 |a 9682901898 
035 |a FCE 000045238 
037 |a Acervo ITESO - Biblioteca 
041 |a spa 
082 0 4 |a 370.194  |b CONAFE GOT 4 
100 |a Jacob, Esther  |e (autor) 
245 1 0 |a Circo, maroma y brinco. 
250 |a 4a edición 
264 |a México :  |b CONAFE,  |c 1988. 
300 |a 87 p. ;  |b il., byn. 
336 |a texto  |b txt  |2 rdacontenido 
337 |a sin mediación  |b n  |2 rdamedio 
338 |a volumen  |b nc  |2 rdasoporte 
440 1 |a (Guías de orientación y trabajo ;  |n 4) 
596 |a Material didáctico para comunidades rurales. 
649 |a XX 
650 |a Educación del niño 
650 |a Educación rural 
650 |a Guía 
650 |a Actividades de aprendizaje 
650 |a Material complementario de lectura 
650 |a Teatro escolar 
650 |a México 
710 |a Consejo Nacional de Fomento Educativo (México) 
700 |a Ramírez Granados, Antonio  |e (autor) 
910 |a Fondo Centro de Estudios Educativos 
920 |a Impresos - Libros 
930 |a Fondos Especiales 
905 |a 133 
901 |a ALE052270  |b IT2  |c CEE  |u 20250521 
901 |a ALE052271  |b IT2  |c CEE  |u 20250521 
902 |a https://opac.biblio.iteso.mx/vufind/Record/000501064